The Late Poetry of the Lake Poets

Bibliografische gegevens
Hoofdauteur: Tim Fulford
Formaat: Elektronisch E-boek
Taal:English
Gepubliceerd in: Cambridge University Press, 11/05/2013
Editie:1
Reeks:Cambridge Studies in Romanticism
Onderwerpen:
Online toegang:Full text available on Cambridge University Press
Off-campus access
LEADER 01266pam a2200301 a 4500
001 AALebookCAM001068
003 BD-DhAAL
006 m||||||||d||||||||
007 cr||||||||||||
008 221123s9999 xxuabf fo j 001 0 eng d
020 |a 9781107033979 
040 |a BD-DhAAL  |c BD-DhAAL 
100 1 |a Tim Fulford 
245 0 0 |h [electronic resource]  |a The Late Poetry of the Lake Poets 
250 |a 1 
260 |b Cambridge University Press,  |c 11/05/2013 
300 |a 1 online resource 
490 1 |a Cambridge Studies in Romanticism 
500 |a <strong>Off-Campus Access:</strong> Athens ID and Password Required 
500 |a <strong>On-Campus Access:</strong> No User ID or Password Required 
506 |a Electronic access restricted to authorized BRAC University faculty, staff and students 
538 |a Mode of access: Internet 
650 4 |a English literature 1700-1830 
650 4 |a English literature 1830-1900 
655 7 |a Electronic books  |2 Library of Congress 
830 0 |a Cambridge Studies in Romanticism 
856 4 0 |z Full text available on Cambridge University Press  |u http://dx.doi.org/10.1017/CBO9781139524032 
856 4 0 |z Off-campus access  |u https://go.openathens.net/redirector/bracu.ac.bd?url=http%3A%2F%2Fdx.doi.org%2F10.1017%2FCBO9781139524032